000 00525nam a2200145 4500
999 _c509823
_d509823
008 190616b ||||| |||| 00| 0 eng d
100 _aCoxhead, Ian
_96279
245 _aEnviromentalism with Chinese characteristics - a review of Matthew E. Kahn and Siqi Zheng's Blue skies over Beijing: economic growth and the environment in China
260 _c2019
300 _ap.161-184.
650 _aEconomic growth - China
_96280
773 _aJournal of Economic Literature
906 _aEnvironment - China
942 _2ddc
_cAR